Top 10 Strongest Air Forces - Statistics

General Stats
  • This quiz has been taken 474 times
  • The average score is 8 of 10
Answer Stats
Rank Answer % Correct
1 United States
99%
2 Russia
98%
5 China
97%
4 United Kingdom
94%
6 France
92%
8 Germany
85%
7 India
85%
10 Japan
82%
3 Israel
60%
9 Australia
50%
No matching quizzes found
Score Distribution
Percent of People with Each Score
Percentile by Number Answered
Your Score History
You have not taken this quiz